000 00234nam a2200097Ia 4500
082 _aR 503 GRO
245 0 _aOos-Kaap
100 _a CADMAN, Mike Johannesburg, 2009
942 _cBK
008 210817s9999 xx 000 0 und d
999 _c268675
_d268674